[Event "Memorial M.Najdorf (open)"]
[Site "Buenos Aires (Argentina)"]
[Date "2002.??.??"]
[Round "7"]
[White "Bulcourf Carlos (ARG)"]
[Black "Rosito Jorge (ARG)"]
[Result "0-1"]
[WhiteElo "2285"]
[BlackElo "2410"]
[Annotator ""]
[Source ""]
[Remark "IX-X"]

1.b4 d5 2.Nf3 Bg4 3.c4 Bxf3 4.gxf3 e6 5.Bb2 Nf6 6.b5 Bd6 7.e3
Nbd7 8.d4 dxc4 9.Bxc4 Nd5 10.Qb3 N7b6 11.Nd2 Qh4 12.Ke2 O-O 13.Rag1
Rfe8 14.Rg4 Qh5 15.Rhg1 g6 16.Ne4 Nxc4 17.Qxc4 Be7 18.Ng3 Nb6
19.Nxh5 Nxc4 20.Bc3 a6 21.a4 axb5 22.axb5 Ra2+ 23.Kd3 Nb6 24.R4g2
Rea8 25.Rc1 R8a3 26.Nf4 Bb4 27.Ne2 Rxe2 28.Kxe2 Bxc3 29.Rgg1
Nd5 30.Kf1 Ra2 31.h4 h5 32.Rg5 Ba5 33.Rc5 Ne7 34.Kg1 Bb6 35.Rc1
Nf5 36.f4 Kg7 37.Kf1 f6 38.Rg1 Nxh4 39.Rg3 Nf5 40.Rh3 Nd6 41.Rb1
Ne4 42.Rd1 Rxf2+ 43.Kg1 Rb2 44.d5 Nf2 0-1

[Event "It (open)"]
[Site "Pula (Croatia)"]
[Date "2002.??.??"]
[Round "3"]
[White "Franic Milan (CRO)"]
[Black "Rowson Jonathan (SCO)"]
[Result "1/2-1/2"]
[WhiteElo "2425"]
[BlackElo "2536"]
[Annotator ""]
[Source ""]
[Remark "V"]

1.Nf3 d5 2.b4 Bg4 3.Bb2 Bxf3 4.gxf3 Nf6 5.e3 g6 6.c4 dxc4 7.Bxc4
Bg7 8.O-O O-O 9.d4 Nbd7 10.Nd2 Ne8 11.f4 Nd6 12.Be2 c6 1/2-1/2

[Event "It (open) \"Aeroflot\" (b)"]
[Site "Moscow (Russia)"]
[Date "2006.02.08"]
[Round "2"]
[White "Ivanets Vladimir (RUS)"]
[Black "Kolesnikov Evgeny (RUS)"]
[Result "0-1"]
[WhiteElo "2280"]
[BlackElo "2381"]
[Annotator ""]
[Source ""]
[Remark ""]

1.b4 d5 2.Nf3 Bg4 3.h3 Bxf3 4.exf3 e5 5.a3 a5 6.b5 Bc5 7.Be2
Nf6 8.O-O O-O 9.d3 c6 10.a4 Qb6 11.Nd2 cxb5 12.axb5 Bd4 13.Rb1
a4 14.Ba3 Rd8 15.g4 Nbd7 16.c4 Nc5 17.Qc2 Ne6 18.cxd5 Nxd5 19.Nc4
Qc7 20.Rfc1 Nc3 21.Bf1 Nxb1 22.Qxb1 e4 23.Nd6 Qe7 24.Qb4 exf3
25.Re1 Qh4 26.Ne4 Ng5 27.Re3 Bxe3 28.fxe3 Nxe4 29.Qxe4 Qg3+ 30.Kh1
Qf2 0-1

[Event "It (open) \"Aeroflot\" (b)"]
[Site "Moscow (Russia)"]
[Date "2006.02.13"]
[Round "7"]
[White "Ivanets Vladimir (RUS)"]
[Black "Loshkarev Dmitri (RUS)"]
[Result "1-0"]
[WhiteElo "2280"]
[BlackElo "2204"]
[Annotator ""]
[Source ""]
[Remark ""]

1.b4 d5 2.Nf3 Bg4 3.e3 Nf6 4.Bb2 e6 5.a3 Be7 6.Be2 Nbd7 7.O-O
O-O 8.c4 c6 9.Nc3 a5 10.b5 c5 11.d3 dxc4 12.dxc4 Nb6 13.Qc2 Bf5
14.e4 Bg4 15.Ne5 Bxe2 16.Nxe2 Qc7 17.h3 Bd6 18.Ng4 Nxg4 19.hxg4
Be5 20.Bxe5 Qxe5 21.f4 Qc7 22.e5 Rad8 23.Qe4 Rd2 24.Rae1 Qd7
25.f5 Qd3 26.Qxd3 Rxd3 27.fxe6 Nxc4 28.Nf4 Re3 29.e7 Re8 30.Rxe3
Nxe3 31.Re1 Nc2 32.Rc1 Nd4 33.Rxc5 f6 34.e6 g5 35.Rd5 Rxe7 36.Rd8+
Kg7 37.Nh5+ Kg6 38.Rxd4 Rxe6 39.Ng3 Re1+ 40.Kf2 Ra1 41.Rd7 Ra2+
42.Kg1 h5 43.gxh5+ Kh6 44.Rxb7 Rxa3 45.Kh2 Rb3 46.b6 a4 47.Ra7
Rxb6 48.Rxa4 f5 49.Nxf5+ Kxh5 50.Rd4 Rb2 51.Ng3+ Kg6 52.Rd6+
Kf7 53.Ne4 Rb5 54.Kg3 Re5 55.Kf3 Kg7 56.Ng3 Ra5 57.Kg4 Ra2 58.Nf5+
Kh7 59.g3 Ra8 60.Kh5 Ra1 61.Rd7+ Kh8 62.Kxg5 Ra8 63.Nh4 Kg8 64.Kh6
Ra5 65.Rg7+ 1-0

[Event "11th South Wales Int 2014"]
[Site "Cardiff WLS"]
[Date "2014.08.28"]
[Round "6.3"]
[White "Fernandez, Dan SIN"]
[Black "Wells, P."]
[Result "1/2-1/2"]
[WhiteElo "2400"]
[BlackElo "2455"]
[PlyCount "164"]
[EventDate "2014.08.25"]
[EventType "swiss"]
[EventRounds "9"]
[EventCountry "WLS"]
[Source "Mark Crowther"]
[SourceDate "2014.09.01"]

1. Nf3 d5 2. b4 Bg4 3. Bb2 Bxf3 4. gxf3 e6 5. e3 Nf6 6. a3 Nbd7 7. c4 g6 8.
cxd5 exd5 9. Bxf6 Nxf6 10. Qa4+ c6 11. b5 Qd6 12. d4 Be7 13. Bd3 O-O 14. bxc6
bxc6 15. O-O c5 16. dxc5 Qxc5 17. Ra2 d4 18. Qxd4 Qg5+ 19. Kh1 Rfd8 20. Qc4
Rac8 21. Qb3 Qh4 22. Be2 Qh3 23. Qb7 Rd5 24. f4 Bd6 25. Nd2 Rb8 26. Qc6 Rb6 27.
Qc4 Rg5 28. Rg1 Rxg1+ 29. Kxg1 g5 30. Ra1 gxf4 31. exf4 Rb2 32. Qd4 Ng4 33.
Bxg4 Qxg4+ 34. Kh1 Rxd2 35. Qxd2 Qf3+ 36. Kg1 Bxf4 37. Qd1 Bxh2+ 38. Kxh2 Qxf2+
39. Kh1 Qh4+ 40. Kg2 Qg5+ 41. Kf3 Qf5+ 42. Ke3 Qe5+ 43. Kd3 Qd5+ 44. Kc2 Qc5+
45. Kb1 Qb6+ 46. Kc1 Qc5+ 47. Qc2 Qg1+ 48. Kb2 Qb6+ 49. Ka2 Qe6+ 50. Kb1 Qb6+
51. Qb2 Qg6+ 52. Qc2 Qb6+ 53. Kc1 Qg1+ 54. Qd1 Qc5+ 55. Kb1 Qb6+ 56. Kc2 Qc5+
57. Kb3 Qb6+ 58. Kc4 Qc6+ 59. Kd4 Qd6+ 60. Ke4 Qe6+ 61. Kf4 Qf6+ 62. Kg4 Qe6+
63. Kh4 Qe7+ 64. Kg3 Qe3+ 65. Kg2 Qg5+ 66. Kf3 Qf5+ 67. Kg3 Qe5+ 68. Kf2 Qf4+
69. Ke2 Qe4+ 70. Kd2 Qd4+ 71. Kc2 Qc5+ 72. Kb2 Qb6+ 73. Qb3 Qf2+ 74. Kc1 Qg1+
75. Kb2 Qf2+ 76. Kb1 Qe1+ 77. Ka2 Qe2+ 78. Qb2 Qe6+ 79. Kb1 Qg6+ 80. Kc1 Qg1+
81. Kc2 Qf2+ 82. Kc3 Qf6+ 1/2-1/2

[Event "8th Penang Open 2016"]
[Site "Penang MAS"]
[Date "2016.12.06"]
[Round "3.1"]
[White "Mas, H."]
[Black "Neelotpal, D."]
[Result "0-1"]
[WhiteElo "2319"]
[BlackElo "2463"]
[PlyCount "76"]
[EventDate "2016.12.05"]
[EventType "swiss"]
[EventRounds "9"]
[EventCountry "MAS"]
[SourceDate "2016.12.12"]

1. Nf3 d5 2. b4 Bg4 3. Bb2 Nd7 4. e3 e5 5. h3 Bxf3 6. Qxf3 Ngf6 7. a3 a5 8. b5
Bd6 9. a4 Qe7 10. d3 O-O-O 11. Nd2 h5 12. Qd1 Kb8 13. Be2 g5 14. Nb3 b6 15. g3
Nc5 16. Nd2 Ne6 17. c4 d4 18. exd4 Nxd4 19. Bxd4 exd4 20. Kf1 g4 21. Nb3 Qe5
22. Ra2 Bb4 23. Kg2 Bc3 24. Rc2 Qf5 25. Nc1 Rde8 26. Na2 Bb4 27. Nxb4 axb4 28.
a5 b3 29. Rb2 bxa5 30. Rxb3 gxh3+ 31. Rxh3 Ng4 32. Qf1 h4 33. Bxg4 Qxg4 34. b6
c6 35. Qh1 Reg8 36. Ra3 Rh5 37. Ra2 Rgh8 38. f3 Qe6 0-1

[Event "5th Hofheim Spring Open"]
[Site "Hofheim GER"]
[Date "2017.04.08"]
[Round "2.8"]
[White "Chandler, P."]
[Black "Malek, Da"]
[Result "0-1"]
[WhiteElo "2151"]
[BlackElo "2408"]
[PlyCount "74"]
[EventDate "2017.04.07"]
[EventType "swiss"]
[EventRounds "9"]
[EventCountry "GER"]
[SourceDate "2017.04.17"]

1. Nf3 d5 2. b4 Bg4 3. Bb2 Nd7 4. a3 Ngf6 5. d4 e6 6. e3 c6 7. c4 Bd6 8. Nbd2
O-O 9. Be2 Qe7 10. Ne5 Bxe2 11. Qxe2 Bc7 12. Nxd7 Nxd7 13. O-O f5 14. f4 dxc4
15. Nxc4 Nf6 16. a4 Bd6 17. b5 Rac8 18. h3 Nd5 19. Rf3 Qd7 20. Ne5 Bxe5 21.
fxe5 cxb5 22. axb5 Nc7 23. g4 fxg4 24. Rg3 Nxb5 25. Rxg4 Rc7 26. Kh1 Rd8 27.
Rag1 Qc6+ 28. R4g2 a6 29. Kh2 Qe4 30. Bc1 Rf8 31. Bd2 Kh8 32. Qh5 Rc2 33. Bb4
Rxg2+ 34. Rxg2 Qf5 35. Qh4 Rc8 36. Qe7 Rg8 37. Qxb7 h6 0-1

[Event "Kesan TUR, 10. Open"]
[Site "Kesan TUR"]
[Date "2012.08.02"]
[Round "9.7"]
[White "Grigoriev, Armen"]
[Black "Topak, Engin"]
[Result "1-0"]
[WhiteElo "2292"]
[BlackElo "2241"]
[EventDate "2012.07.28"]

1. Nf3 d5 2. b4 Bg4 3. Bb2 Nd7 4. e3 e5 5. h3 Bxf3 6. Qxf3 Ngf6 7. a3 e4 
8. Qd1 Bd6 9. d3 O-O 10. Nd2 Be5 11. Bxe5 Nxe5 12. Nb3 exd3 13. cxd3 c6 
14. Be2 Nfd7 15. d4 Ng6 16. Qc2 f5 17. Bd3 Qg5 18. g3 Rae8 19. O-O-O b6 
20. Kb1 Rc8 21. h4 Qf6 22. Qb2 Ne7 23. Rc1 Qd6 24. Ka2 a5 25. bxa5 c5 26. 
dxc5 bxc5 27. Bb5 Nf6 28. Rhd1 Rc7 29. Rc2 Rfc8 30. Rdc1 Ne4 31. f3 Nxg3 
32. Rg2 f4 33. exf4 Ngf5 34. Rcg1 d4 35. Bc4+ Kh8 36. Nd2 Qxf4 37. Rg4 Qh6
38. f4 Nc6 39. Rg5 Ne3 40. Rxc5 Qxf4 41. Rc1 Ne7 42. Rxc7 Qxc7 43. Qxd4 
N7f5 44. Qb6 Qd7 45. Qb2 h6 46. Bb3 Ra8 47. Nc4 Nxc4 48. Bxc4 Ne3 49. Bb3 
Qb5 50. Qc3 Nd5 51. Qd2 Nf6 52. Qb4 Qf5 53. a6 Qf2+ 54. Rc2 Qa7 55. Qb7 
Qxa6 56. Rc8+ 1-0

[Event "Almaty Open 2019"]
[Site "Almaty KAZ"]
[Date "2019.10.07"]
[Round "1.5"]
[White "Utegaliyev,A"]
[Black "Dauletova,G"]
[Result "1-0"]
[BlackTitle "WIM"]
[WhiteElo "2503"]
[BlackElo "2259"]
[WhiteFideId "13702467"]
[BlackFideId "13702971"]
[EventDate "2019.10.07"]

1. Nf3 d5 2. b4 Bg4 3. Bb2 Nd7 4. a3 Ngf6 5. e3 a5 6. b5 e6 7. c4 c5 8. bxc6
bxc6 9. cxd5 cxd5 10. Bb5 Bd6 11. Bxf6 gxf6 12. Nc3 Ke7 13. Be2 Bxf3 14. Bxf3
Rb8 15. a4 Rb2 16. Rb1 Qb8 17. Nb5 Rxb1 18. Qxb1 Bb4 19. Qd1 Nc5 20. O-O Rc8 21.
g3 Qb7 22. d4 Nd7 23. Be2 f5 24. Bd3 Nf6 25. Qf3 Qb8 26. Kg2 Rc6 27. Rb1 Rc8 28.
Qd1 Nd7 29. Na3 Qd6 30. Nc2 Rc3 31. Bb5 Nb6 32. Ne1 Nc4 33. Nd3 Na3 34. Rb2 Nc4
35. Rc2 Qb6 36. Rxc3 Bxc3 37. Qb3 Bxd4 38. exd4 Qxd4 39. Nf4 Qe4+ 40. Kh3 e5 41.
Nxd5+ Qxd5 42. Qxc4 Qd6 43. Qc6 Qd4 44. Kg2 f4 45. Qc7+ Kf8 46. Qxa5 Qd5+ 47.
Kg1 f3 48. Qb4+ Kg7 49. Bf1 e4 50. a5 Qe5 51. Qb6 f5 52. a6 f4 53. a7 e3 1-0